000 00440cam a2200181ua 4500
001 10571
008 190316n ii |||gr||||Z||||||eng
020 _a9789380644943
040 _cMAIN
082 _a414.8
100 _aT Balasubramanian,
_eAuthor.
245 _aEnglish phonetics for indian students
250 _a3rd ed.
260 _aNew Delhi:
_bTrinity,
_c2017.
300 _a242p.
653 _aPhonology & phonetics
942 _cBK
999 _c9544
_d9544